|
|
|
|
| LEADER |
00000nam2a2200000 4500 |
| 001 |
277883 |
| 005 |
20231101235046.0 |
| 035 |
|
|
|a (RuTPU)RU\TPU\book\301160
|
| 035 |
|
|
|a RU\TPU\book\265878
|
| 090 |
|
|
|a 277883
|
| 100 |
|
|
|a 20141206d2014 k y0rusy50 ca
|
| 101 |
0 |
|
|a rus
|
| 102 |
|
|
|a RU
|
| 105 |
|
|
|a a z 001zy
|
| 200 |
0 |
|
|a Вып. 3 (77)
|
| 210 |
|
|
|d 2014
|
| 215 |
|
|
|a 147 с.
|c ил.
|
| 320 |
|
|
|a Библиография в конце статей
|
| 330 |
|
|
|a В сборнике публикуются результаты научных исследований докторантов, аспирантов и соискателей Новосибирского государственного технического университета. Не исключается возможность опубликования научных работ сотрудниками других вузов. Ежегодно предполагается издание четырех сборников.
|
| 461 |
|
1 |
|0 (RuTPU)RU\TPU\book\1884
|t Сборник научных трудов НГТУ
|f Новосибирский государственный технический университет (НГТУ)
|v Вып. 3 (73)
|d 1995-
|
| 606 |
1 |
|
|a Автоматика
|2 stltpush
|3 (RuTPU)RU\TPU\subj\749
|9 29560
|
| 610 |
1 |
|
|a автоматическое управление
|
| 610 |
1 |
|
|a информационные технологии
|
| 610 |
1 |
|
|a идентификация
|
| 610 |
1 |
|
|a информация
|
| 610 |
1 |
|
|a обработка
|
| 610 |
1 |
|
|a энергосберегающие регуляторы
|
| 610 |
1 |
|
|a проектирование
|
| 610 |
1 |
|
|a оптическое излучение
|
| 610 |
1 |
|
|a регистрация
|
| 610 |
1 |
|
|a контроллеры
|
| 610 |
1 |
|
|a жестовая речь
|
| 610 |
1 |
|
|a распознавание
|
| 610 |
1 |
|
|a программно-аппаратные средства
|
| 610 |
1 |
|
|a сравнительный анализ
|
| 610 |
1 |
|
|a программное обеспечение
|
| 610 |
1 |
|
|a абстрактная интерпретация
|
| 610 |
1 |
|
|a UML-диаграммы
|
| 610 |
1 |
|
|a сети Петри
|
| 610 |
1 |
|
|a окатыши
|
| 610 |
1 |
|
|a обжиг
|
| 610 |
1 |
|
|a программные ошибки
|
| 610 |
1 |
|
|a поиск
|
| 610 |
1 |
|
|a эвристические методы
|
| 675 |
|
|
|a 681.51
|v 3
|
| 801 |
|
1 |
|a RU
|b 63413507
|c 20091028
|
| 801 |
|
2 |
|a RU
|b 63413507
|c 20210622
|g RCR
|
| 942 |
|
|
|c BK
|